[Event "FTX Crypto Cup Prelims 2021"]
[Site "Chess24"]
[Date "2021.05.18"]
[Round "14.1"]
[White "Aronian, Levon"]
[Black "Firouzja, Alireza"]
[Result "1-0"]
[WhiteElo "2778"]
[BlackElo "2703"]
[Annotator "TA"]
[PlyCount "103"]
[EventDate "2021.05.23"]
[EventType "tourn"]
[EventCountry "NET"]
[Tiebreak "Koya+Number of black wins+Number of wins"]
[SourceTitle "playchess.com"]
[Source "ChessBase"]
[SourceQuality "1"]

{[%evp 9,103,19,27,33,49,27,13,18,11,16,7,0,0,0,0,0,0,0,18,21,30,22,31,0,7,15,
20,6,14,14,18,5,25,6,25,0,5,0,0,0,0,0,0,0,0,0,0,0,0,0,0,0,0,0,0,0,0,-14,0,0,0,
0,0,0,11,11,8,15,13,14,23,24,379,150,231,97,181,179,223,236,353,346,432,358,
425,414,507,466,521,502,805,793,29991,29992,29992,29993]} 1. d4 Nf6 2. c4 e6 3.
Nf3 d5 4. Nc3 Nbd7 5. Qc2 dxc4 6. e4 {D37: Queen's Gambit Declined: 5 Bf4.} c5
7. Bxc4 $5 {[%mdl 4] Leaves trodden paths.} cxd4 8. Nxd4 {The position is
equal.} Ne5 9. Bb5+ Bd7 {[#]} 10. Bf4 $146 ({Predecessor:} 10. O-O a6 11. Bxd7+
Nfxd7 12. Qe2 Rc8 13. f4 Nc4 14. Kh1 Bb4 15. f5 Bxc3 16. bxc3 {1-0 (26)
Schwerteck,M (2154)-Klaus,D (1994) Tuebingen 2007}) 10... Ng6 11. Bg3 Bb4 12.
O-O O-O 13. Rfd1 Bxc3 14. bxc3 Bxb5 15. Nxb5 Qb6 16. a4 e5 17. c4 Qc5 18. Kf1
Rfd8 19. f3 a6 {[#]} 20. Bf2 $1 Qc6 21. Na3 Nf8 22. c5 Ne6 23. Nc4 Rxd1+ $1 24.
Qxd1 Rd8 25. Qc1 Nd7 26. Na5 Qc7 27. Nxb7 {[%mdl 64] Remove Defender, Decoy}
Qxb7 28. c6 {[%mdl 64] Double Attack} Qb3 {Threatens to win with ...Qd3+.} 29.
cxd7 Qd3+ 30. Kg1 Rxd7 31. Qf1 (31. h3 {feels hotter.} Rc7 32. Qd1 Qxd1+ 33.
Rxd1 Rc4 34. Bg3) 31... Qd6 32. Be3 h5 33. h4 Nf8 34. a5 Ng6 35. g3 Rc7 36. Rc1
Rd7 37. Rc5 {aiming for Rd5.} Qe6 38. Kg2 Qa2+ 39. Qf2 Qa3 40. Qe2 {Black must
now prevent Rc8+.} Rd3 $2 {[%mdl 8192]} (40... Qb4 $1 $11) 41. Bf2 $2 (41. Rc8+
$18 {and the rest is easy.} Kh7 {[#]} 42. f4 $1 Nxh4+ 43. gxh4) 41... Kh7 (
41... Rd8 $16 {was worth a try.} 42. Qxa6 Rd2) 42. Rc7 (42. Rc6 $18 {is more
deadly.}) 42... Qxa5 (42... Qd6 $16 {keeps fighting.}) 43. Rxf7 $18 ({Inferior
is} 43. Qxd3 Qxc7 44. Qxa6 Qc2 $11) 43... Rd2 44. Qe3 Qa2 (44... Nh8 {might
work better.} 45. Rf5 g6 46. Qa7+ Kg8) 45. Rf5 Qc2 46. Rxh5+ Kg8 47. Rg5 Kh7
48. h5 Nf8 49. Rxe5 Nd7 (49... Qd3 $142 50. Qxd3 Rxd3) 50. Re7 Nc5 {[#]} 51.
Qg5 $1 {[%csl Ge7][%cal Rg5g7]} Rxf2+ 52. Kh3 {[%csl Ge7][%cal Rg5g7] Weighted
Error Value: White=0.13/Black=0.43} 1-0

[Event "FTX Crypto Cup Prelims 2021"]
[Site "Chess24"]
[Date "2021.05.18"]
[Round "14.2"]
[White "Svidler, Peter"]
[Black "Nakamura, Hikaru"]
[Result "0-1"]
[WhiteElo "2742"]
[BlackElo "2829"]
[Annotator "TA"]
[PlyCount "120"]
[EventDate "2021.05.23"]
[EventType "tourn"]
[EventCountry "NET"]
[Tiebreak "Koya+Number of black wins+Number of wins"]
[SourceTitle "playchess.com"]
[Source "ChessBase"]
[SourceQuality "1"]

{[%evp 13,120,33,51,34,27,2,14,-2,-6,-12,-4,-34,0,-9,57,55,57,63,77,72,92,81,
81,87,78,78,77,50,46,35,43,52,43,9,75,65,70,61,81,2,10,0,0,0,3,-125,-119,-124,
-122,-112,-120,-160,-163,-156,-106,-162,-163,-164,-162,-143,-111,-175,-147,
-147,-130,-136,-141,-121,-8,-8,-8,-8,-8,-40,-8,-40,-40,-40,-40,-40,-40,-40,-40,
-40,-40,-40,-40,-40,-40,-101,-83,-75,-81,-89,-40,-81,-40,-40,-40,-318,0,-40,
-40,-40,-40,-40,-40,-4133,-3485]} 1. e4 e5 2. Nf3 Nc6 3. Bc4 Bc5 4. c3 Nf6 5.
d3 O-O 6. O-O d5 7. exd5 Nxd5 8. a4 {C54: Giuoco Piano: 4 c3 Nf6, main lines
with 5 d4 and 5 d3.} Nb6 9. Bb3 $5 {[%mdl 4] Leaves trodden paths.} a5 10. Re1
{The position is equal.} Bg4 11. h3 Bh5 12. Qe2 {[#]} Bg6 $146 ({Predecessor:} 
12... Kh8 13. Nbd2 f6 14. Ne4 Nd7 15. Be3 Ba7 16. Bxa7 Rxa7 17. Ng3 Bg6 18. Nh4
Bf7 19. Bxf7 Rxf7 {1/2-1/2 (41) Cejkova,M (1998)-Johnsen,S (1853) Prague 2020})
13. Bc2 ({Don't play} 13. Nxe5 Nxe5 14. Qxe5 Re8 $1 $17) 13... Qd7 (13... Re8
$11) 14. Nh4 $1 $14 ({Reject} 14. Nxe5 Nxe5 15. d4 (15. Qxe5 $2 Rfe8 $19) 15...
Bxc2 $17) 14... Rad8 {[%cal Rg6d3]} 15. Nxg6 hxg6 16. Nd2 Nd5 {White should
prevent ...Nf4.} 17. Ne4 Be7 18. Bb3 Qf5 19. Bc4 Nb6 20. Bb5 (20. Ng3 {is more
complex.} Qc8 21. Bb5 Bh4 22. Be3 Nd5 23. Bc4) 20... Na7 21. Be3 Nxb5 22. axb5
Qd7 23. Bc5 a4 (23... Nd5 $11) 24. d4 exd4 25. Bxd4 Nd5 26. Red1 (26. Rxa4 $16
Rfe8 27. Qc4) 26... Rfe8 $11 27. c4 Nf4 28. Qf3 Qf5 29. Ng3 (29. Nc3 $11 Ne6
30. Qxf5 gxf5 31. Be5) 29... Nxh3+ $1 $17 30. Kf1 Qxf3 31. gxf3 Ng5 32. Be5
Rxd1+ 33. Rxd1 c6 34. Rd7 (34. f4 $17 {was called for.} Ne6 35. bxc6 bxc6 36.
f5 gxf5 37. Nxf5) 34... Nxf3 $19 35. Bc3 cxb5 36. cxb5 b6 37. Ne4 (37. Ra7 $17)
37... a3 38. bxa3 Bxa3 39. Nd6 Bxd6 40. Rxd6 {[#]} Re6 (40... Rb8 $1 $17 41.
Rc6 f6) 41. Rxe6 $11 fxe6 {[%mdl 4096] Endgame KB-KN} 42. Ke2 Ng5 43. Bd4 Ne4
44. Kf3 Nd6 45. Bxb6 Nxb5 46. Kg4 Kf7 47. f4 Nd6 48. Bd4 Nf5 49. Bb2 Kg8 50.
Kg5 Kh7 51. Bc3 (51. Kg4 $15) 51... Nd6 $17 {aiming for ...Ne4+.} 52. Bb2 Nf7+
53. Kg4 Kh6 54. Bc3 Nd6 55. Be5 Nc4 56. Bd4 {[%mdl 8192] [#]} ({Better is} 56.
Bc3 $15) 56... Nd6 $2 ({Black should play} 56... g5 $1 $19 {[%cal Rg5f4] ...
gxf4 is the strong threat.} 57. f5 e5) 57. Be5 $15 Nf5 58. Bc3 Ne3+ 59. Kf3 Nd5
60. Be5 {[%mdl 8192]} (60. Bb2 $15) 60... Nf6 {Weighted Error Value: White=0.
44/Black=0.24} 0-1

[Event "FTX Crypto Cup Prelims 2021"]
[Site "Chess24"]
[Date "2021.05.18"]
[Round "14.3"]
[White "Caruana, Fabiano"]
[Black "Carlsen, Magnus"]
[Result "1/2-1/2"]
[WhiteElo "2773"]
[BlackElo "2881"]
[Annotator "TA"]
[PlyCount "103"]
[EventDate "2021.05.23"]
[EventType "tourn"]
[EventCountry "NET"]
[Tiebreak "Koya+Number of black wins+Number of wins"]
[SourceTitle "playchess.com"]
[Source "ChessBase"]
[SourceQuality "1"]

{[%evp 20,103,27,28,20,17,38,15,27,20,31,0,4,0,0,0,0,0,0,0,0,0,0,0,0,0,0,0,0,
-6,-1,-16,-22,-20,-20,-16,0,0,0,0,0,0,0,0,0,0,0,0,0,0,0,0,0,0,0,0,0,0,0,0,0,0,
0,0,0,0,0,0,0,0,0,0,0,0,0,0,0,0,0,0,0,0,0,0,0,0]} 1. e4 e5 2. Nf3 Nc6 3. Bb5
Nf6 4. O-O Nxe4 5. Re1 Nd6 6. Nxe5 Be7 7. Bf1 Nxe5 8. Rxe5 O-O 9. d4 Bf6 10.
Re1 Nf5 11. c3 d5 {C67: Ruy Lopez: Berlin Defence: 4 0-0 Nxe4.} 12. Nd2 Re8 13.
Nf3 Rxe1 14. Qxe1 Nd6 15. Bd3 Bf5 {The position is equal.} 16. Bxf5 Nxf5 17.
Bf4 {[#]} Qd7 $146 ({Predecessor:} 17... c6 18. Qe2 Qe7 19. Re1 Re8 20. Kf1
Qxe2+ 21. Rxe2 Rxe2 22. Kxe2 Be7 23. Bb8 {1/2-1/2 (23) Fargere,F (2492)-Le
Roux,J (2522) Sautron 2011}) 18. Ne5 Bxe5 19. Qxe5 c6 20. Re1 f6 21. Qe2 g5 22.
Bg3 Ng7 23. Qf3 Qf5 24. Qxf5 Nxf5 $11 {[%mdl 4096] Endgame KRB-KRN} 25. f3 Kf7
26. Kf2 h5 27. h3 Re8 (27... a5 {seems wilder.} 28. a4 h4 29. Bh2 Ra6 30. Bc7
Ng7) 28. Rxe8 Kxe8 {KB-KN} 29. Bb8 a6 30. g4 Ng7 31. f4 hxg4 32. hxg4 gxf4 33.
Bxf4 Kf7 34. Kf3 Kg6 35. Be3 Ne6 36. Bf4 b5 37. Be3 a5 38. Bf4 a4 39. Be3 $1
Nc7 40. b3 axb3 41. axb3 Ne6 42. Ke2 (42. Kg3 {feels hotter.} Ng5 43. Bxg5 fxg5
44. Kf3 Kf6 45. Ke2) 42... Ng5 43. Bxg5 Kxg5 {KP-KP} (43... fxg5 {looks
sharper.} 44. Kd2 Kf6 45. Kc1 Ke7 46. Kb2 Kd6) 44. Kf3 b4 45. cxb4 f5 46. gxf5
Kxf5 47. b5 $1 {[%cal Rb5b6]} cxb5 {KPP-KPP} 48. b4 $1 Kg5 $1 {[%cal Rg5f5]}
49. Kg3 $1 Kf5 50. Kf3 Kg5 $1 {[%cal Rg5f5]} 51. Kg3 $1 Kf5 {[#] ( -> ...Ke4)}
52. Kf3 {An uneventful encounter.  Weighted Error Value: White=0.02/Black=0.01}
1/2-1/2

[Event "FTX Crypto Cup Prelims 2021"]
[Site "Chess24"]
[Date "2021.05.18"]
[Round "14.4"]
[White "Radjabov, Teimour"]
[Black "Dubov, Daniil"]
[Result "1/2-1/2"]
[WhiteElo "2758"]
[BlackElo "2770"]
[Annotator "ChessBase"]
[PlyCount "47"]
[EventDate "2021.05.23"]
[EventType "tourn"]
[EventCountry "NET"]
[Tiebreak "Koya+Number of black wins+Number of wins"]
[SourceTitle "playchess.com"]
[Source "ChessBase"]
[SourceQuality "1"]
[TimeControl "900+10"]

1. d4 {[%emt 0:00:00]} Nf6 {[%emt 0:00:00]} 2. c4 {[%emt 0:00:00]} g6 {[%emt 0:
00:00]} 3. Nc3 {[%emt 0:00:00]} d5 {[%emt 0:00:00]} 4. cxd5 {[%emt 0:00:00]}
Nxd5 {[%emt 0:00:00]} 5. e4 {[%emt 0:00:02]} Nxc3 {[%emt 0:00:00]} 6. bxc3 {
[%emt 0:00:01]} Bg7 {[%emt 0:00:00]} 7. Be3 {[%emt 0:00:36]} c5 {[%emt 0:00:00]
} 8. Nf3 {[%emt 0:00:32]} O-O {[%emt 0:00:22]} 9. Be2 {[%emt 0:00:45]} b6 {
[%emt 0:00:11]} 10. Rc1 {[%emt 0:00:24]} e6 {[%emt 0:00:22]} 11. O-O {[%emt 0:
00:52]} Bb7 {[%emt 0:00:10]} 12. dxc5 {[%emt 0:00:36]} Nd7 {[%emt 0:00:22]} 13.
cxb6 {[%emt 0:00:25]} axb6 {[%emt 0:00:18]} 14. Qc2 {[%emt 0:00:27]} Qc7 {
[%emt 0:00:10]} 15. Nd4 {[%emt 0:00:51]} Nc5 {[%emt 0:00:20]} 16. f3 {[%emt 0:
00:06]} Be5 {[%emt 0:00:29]} 17. h3 {[%emt 0:00:26]} Rfc8 {[%emt 0:00:16]} 18.
Rfd1 {[%emt 0:00:27]} Ra5 {[%emt 0:01:02]} 19. Rb1 {[%emt 0:01:15]} Rca8 {
[%emt 0:00:20]} 20. Rb2 {[%emt 0:00:57]} Na4 {[%emt 0:00:18]} 21. Rb3 {[%emt 0:
00:02]} Nc5 {[%emt 0:00:02]} 22. Rb2 {[%emt 0:00:00]} Na4 {[%emt 0:00:27]} 23.
Rb3 {[%emt 0:00:02]} Nc5 {[%emt 0:00:01]} 24. Rb2 {[%emt 0:00:00]} 1/2-1/2

[Event "FTX Crypto Cup Prelims 2021"]
[Site "Chess24"]
[Date "2021.05.18"]
[Round "14.5"]
[White "Mamedyarov, Shakhriyar"]
[Black "Grischuk, Alexander"]
[Result "1/2-1/2"]
[WhiteElo "2761"]
[BlackElo "2784"]
[Annotator "TA"]
[PlyCount "84"]
[EventDate "2021.05.23"]
[EventType "tourn"]
[EventCountry "NET"]
[Tiebreak "Koya+Number of black wins+Number of wins"]
[SourceTitle "playchess.com"]
[Source "ChessBase"]
[SourceQuality "1"]

{[%evp 23,84,12,14,-7,17,0,0,-25,13,19,9,14,19,0,0,0,0,0,0,0,0,0,0,0,18,0,0,0,
0,0,0,0,0,0,0,0,0,0,0,0,0,0,0,0,0,0,0,0,0,0,0,0,0,0,0,0,0,0,0,0,0,0,0]} 1. e4
e6 2. d4 d5 3. exd5 exd5 4. Bd3 Bd6 5. Nf3 Nf6 6. O-O O-O 7. Re1 Bg4 8. Bg5
Nbd7 9. Nbd2 c6 10. c3 Qc7 11. h3 Bh5 12. Qc2 Rfe8 13. a4 {C01: French:
Exchange Variation.} a5 14. Bf5 {[#]} Bg6 $146 ({Predecessor:} 14... b5 15.
axb5 cxb5 16. Bd3 Reb8 17. Rec1 Bf4 18. Bxf4 Qxf4 19. g3 Qc7 20. Nh4 Qb6 {
0-1 (47) Lang,H-Funk,O Wiesbaden 1988}) 15. Qd3 (15. Bxg6 {is more complex.}
hxg6 16. Rxe8+ Rxe8 17. Re1 Rxe1+ 18. Nxe1 Nf8 19. Nef3) 15... Bf4 (15... Bxf5
{seems wilder.} 16. Qxf5 h6 17. Bxf6 g6 18. Qd3 Rxe1+ 19. Rxe1 Nxf6 20. Ne5 Re8
) 16. Bxg6 {The position is equal.} hxg6 17. Bxf4 Qxf4 18. Rxe8+ Rxe8 19. Re1
Rxe1+ 20. Nxe1 Ne4 21. Nef3 Nxd2 22. Nxd2 Nf8 23. g3 Qd6 24. Kg2 Ne6 25. h4 g5
26. h5 Qf4 27. Qe2 Qf5 28. Nf1 g4 29. Nh2 Qxh5 30. Qxg4 Qxg4 31. Nxg4 $11 {
[%mdl 4096] Endgame KN-KN} Kf8 32. Kf3 Ke7 33. Ne5 Ng5+ 34. Ke3 Ne4 35. g4 g5
36. f3 Nd6 37. b3 f6 38. Nd3 b6 39. Ke2 Ke6 40. Ke3 Ke7 41. Ke2 Ke6 42. Ke3 Ke7
{Not much happened in this game.  Weighted Error Value: White=0.04/Black=0.04}
1/2-1/2

[Event "FTX Crypto Cup Prelims 2021"]
[Site "Chess24"]
[Date "2021.05.18"]
[Round "14.6"]
[White "Nepomniachtchi, Ian"]
[Black "Ding, Liren"]
[Result "1-0"]
[WhiteElo "2778"]
[BlackElo "2836"]
[Annotator "TA"]
[PlyCount "103"]
[EventDate "2021.05.23"]
[EventType "tourn"]
[EventCountry "NET"]
[Tiebreak "Koya+Number of black wins+Number of wins"]
[SourceTitle "playchess.com"]
[Source "ChessBase"]
[SourceQuality "1"]

{[%evp 20,103,26,28,35,0,25,0,18,0,0,0,0,0,0,-22,20,21,61,68,56,61,41,43,84,8,
71,0,0,-69,-77,-71,-18,-24,-24,-36,-49,-41,-37,-43,-50,-25,66,56,65,62,121,126,
122,165,165,99,76,54,66,66,49,81,76,24,405,431,400,360,663,636,5361,408,1451,
1355,1215,1525,1213,1612,1424,1419,1608,1518,1518,1244,1619,1095,1602,1584,
1718,1189]} 1. e4 {Lukacs,P} c6 2. d4 d5 3. Nc3 dxe4 4. Nxe4 Bf5 5. Ng3 Bg6 6.
h4 h6 7. Nf3 Nd7 8. Bd3 Bxd3 9. Qxd3 e6 10. Bf4 Ngf6 {outshines the older 10...
Qa5+.} 11. O-O-O Be7 {B19: Classical Caro-Kann: 4...Bf5 main line.} 12. Qe2 $5
{[%mdl 4] An interesting side line.} O-O 13. Kb1 {[#]} a5 $146 {The position
is equal.} ({Predecessor:} 13... Qa5 14. Ne5 Rad8 15. Rd3 Nxe5 16. dxe5 Nd5 17.
Bd2 Qb5 18. Qg4 Kh8 19. Nh5 Rg8 {1/2-1/2 (35) McShane,L (2619)-Johannessen,L 
(2525) Malmo 2003 CBM 097 [Lukacs,P]}) 14. Ne4 Nxe4 15. Qxe4 Nf6 16. Qe2 a4 17.
g4 Nd5 ({Much weaker is} 17... Nxg4 $6 18. Rhg1 $14) 18. Bd2 Qb6 {Hoping for ..
.Ba3.} 19. c4 Ba3 $1 {[%csl Ga3][%cal Rb6b2]} 20. Be1 Nf4 21. Qc2 Rfd8 22. h5 (
22. g5 $16 {aiming for gxh6.} hxg5 23. hxg5) 22... c5 (22... f6 $11) 23. Bc3 (
23. g5 $1 $16 {[%cal Rg5h6]}) 23... cxd4 $11 24. Rxd4 (24. Bxd4 $11 Bc5 25.
Bxc5 Qxc5 26. Qe4) 24... Rxd4 $15 25. Nxd4 {Black should prevent Qe4.} Bb4 (
25... Rd8 $17 26. Rf1 Bb4) 26. Bxb4 $11 Qxb4 27. a3 Qc5 28. Qe4 {[#]} Rd8 $1
29. Nf3 Qd6 30. Ka1 b6 ({Black should try} 30... Qc7 $11) 31. g5 $1 $14 hxg5
32. Nxg5 {Threatens to win with h6.} f5 (32... Kf8 $14) 33. Qb7 $16 Rd7 {[#]}
34. Qa8+ Rd8 {[#]} 35. Qxa4 (35. Qa7 $1 $18 {[%cal Ra7f7]} Rd7 36. Qxa4) 35...
Qe7 36. Nf3 {c5! is the strong threat.} (36. Rg1 {feels hotter.} Ne2 37. Re1
Qxg5 38. Rxe2 Kh7 39. Re3) 36... Qb7 $1 {[%cal Rb7f3] [#]} 37. Rd1 $1 Rxd1+ 38.
Qxd1 Kh7 39. Qb3 ({Better is} 39. Ka2 $16) 39... Kh6 $2 {[%mdl 8192] A mistake
that costs the game.} (39... Qc6 $11) 40. c5 $18 Nd5 41. Ne5 Qc7 $2 (41... Kh7
42. Nc4 b5) 42. Qg3 {[%csl Ge5,Gh5][%cal Rg3g6]} Kxh5 43. Qh2+ (43. cxb6 $142
Qc1+ 44. Ka2) 43... Kg5 44. Nf3+ {White is clearly winning.} Kf6 45. Qxc7 {
[%mdl 64] Overworked Piece} Nxc7 46. cxb6 {[%mdl 4096] Endgame KN-KN} Na6 47.
b4 Ke7 48. Kb2 Kd6 49. Kc3 Kc6 50. Nd4+ Kxb6 51. Nxe6 g6 52. a4 {Weighted
Error Value: White=0.31/Black=0.49} 1-0

[Event "FTX Crypto Cup Prelims 2021"]
[Site "Chess24"]
[Date "2021.05.18"]
[Round "14.8"]
[White "Vachier-Lagrave, Maxime"]
[Black "Pichot, Alan"]
[Result "1-0"]
[WhiteElo "2860"]
[BlackElo "2533"]
[Annotator "TA"]
[PlyCount "93"]
[EventDate "2021.05.23"]
[EventType "tourn"]
[EventCountry "NET"]
[Tiebreak "Koya+Number of black wins+Number of wins"]
[SourceTitle "playchess.com"]
[Source "ChessBase"]
[SourceQuality "1"]

{[%evp 9,93,0,2,20,14,16,31,20,48,36,27,23,41,30,45,40,43,11,8,16,28,25,39,38,
29,32,73,0,4,4,26,26,34,30,30,30,34,25,22,0,0,0,0,0,0,0,228,215,326,150,264,
264,260,235,236,236,236,243,929,469,469,469,469,469,469,469,469,469,469,469,
465,465,406,398,696,651,591,576,1670,1473,6070,6070,6113,6113,12842,12824]} 1.
e4 c5 2. Nf3 d6 3. Bb5+ Nd7 4. d4 cxd4 5. Nxd4 Ngf6 6. O-O {B51: Sicilian:
Moscow Variation (3 Bb5+) without 3...Bd7.} g6 7. Re1 Bg7 8. Bf1 {White is
slightly better.} Nc5 9. Nc3 (9. f3 {seems wilder.} O-O 10. Be3 Ne6 11. Nc3 a6
12. Nb3) 9... O-O 10. Nb3 Nxb3 11. axb3 {[#]} Bg4 $146 ({Predecessor:} 11... b6
12. g3 Bb7 13. Bg2 Qc8 14. Ra4 Qb8 15. Bg5 b5 16. Ra2 a6 17. Nd5 Re8 {1-0 (42)
Arribas Lopez,A (2536)-Sorm,D (2354) Madrid 2015}) 12. f3 Be6 13. Nd5 Nxd5 14.
exd5 Bf5 15. c3 e5 16. dxe6 Bxe6 17. b4 a5 18. b5 (18. Rxa5 $16 Rxa5 19. bxa5)
18... d5 $11 19. Be3 Qd6 20. Bd4 Rfc8 21. Bxg7 Kxg7 22. Qd4+ Kg8 23. Ra4 b6 24.
Qf6 Qc5+ 25. Rd4 a4 $1 26. h4 a3 27. bxa3 Rxa3 $2 {[#] White now steadily
converts the win.} (27... Qxc3 $11 28. Rxe6 fxe6 29. Qxe6+ {[%mdl 64] Double
Attack} Kf8 30. Rxd5 (30. Rf4+ Kg7 $11) 30... Re8 31. Qxb6 Qe3+ 32. Qxe3 Rxe3)
28. h5 $1 $18 {[%cal Rh5g6] Strongly threatening hxg6.} gxh5 (28... Re8 {
was worth a try.} 29. h6 Qf8) 29. Kh1 (29. Re5 $18 Rxc3 30. Kh2 (30. Rxh5 Rc1
$11)) 29... Rxc3 ({Wrong is} 29... Qxc3 $2 30. Rxe6 Qxd4 31. Qxd4 $18) (29...
Qf8 $16 {might work better.}) 30. Rxe6 fxe6 31. Qxe6+ Kh8 32. Qe5+ Kg8 33. Rxd5
Qc7 $2 (33... Qf8 34. Bd3 Qf7) 34. Qe6+ Kh8 {[#] White should prevent ...Qf4.}
35. Rd7 $1 {Threatening mate with Qf6+.} Qf4 {Hoping for ...Rxf3!} 36. Qe7 {
[%csl Gd7][%cal Re7h7]} Qh6 37. Qe5+ Kg8 38. Bd3 Rxd3 39. Rxd3 {[%mdl 4096]
Endgame KQR-KQR} Rf8 40. Rd6 Qc1+ 41. Kh2 Qf4+ $2 (41... Qc5 42. Qe6+ Kh8 43.
Rxb6 Qd4) 42. Qxf4 {White is clearly winning.} Rxf4 43. Rxb6 Kg7 44. Rb8 Rb4
45. b6 {[%cal Bb5b6,Bb6b7][%mdl 32]} h4 46. b7 h5 47. f4 {[%mdl 64] Promotion.
Weighted Error Value: White=0.19/Black=0.36} 1-0

[Event "FTX Crypto Cup Prelims 2021"]
[Site "Chess24"]
[Date "2021.05.18"]
[Round "15.1"]
[White "Pichot, Alan"]
[Black "Aronian, Levon"]
[Result "0-1"]
[WhiteElo "2533"]
[BlackElo "2778"]
[Annotator "TA"]
[PlyCount "50"]
[EventDate "2021.05.23"]
[EventType "tourn"]
[EventCountry "NET"]
[Tiebreak "Koya+Number of black wins+Number of wins"]
[SourceTitle "playchess.com"]
[Source "ChessBase"]
[SourceQuality "1"]

{[%evp 16,50,31,36,76,81,104,104,105,116,104,91,100,0,0,-66,7,-181,-175,-444,
-443,-876,-913,-880,-820,-789,-761,-919,-695,-1015,-608,-601,-594,-585,-570,
-464,-308]} 1. e4 c5 2. Nf3 e6 3. d4 cxd4 4. Nxd4 Nf6 5. Nc3 Nc6 6. Nxc6 bxc6
7. e5 Nd5 8. Ne4 Qc7 9. f4 $1 Bb7 {B45: Sicilian Four Knights.} 10. c4 $1 {
[%cal Rc4d5]} Bb4+ 11. Ke2 $1 {[#]} O-O $5 $146 {[%mdl 8] White is better. New
and interesting.} ({Predecessor:} 11... Ba6 12. Kf3 Nb6 13. c5 Bxf1 14. Rxf1
Nd5 15. a3 Qa5 16. Rb1 Bxc5 17. b4 Nxb4 18. axb4 Bxb4 {1-0 (31) Requejo,O 
(2235)-Rivera,G (1784) Lima 2012}) 12. cxd5 cxd5 13. Ng5 f6 14. Nf3 (14. exf6
$1 $16 {Strongly threatening Qd3.} gxf6 15. Nf3) 14... fxe5 $11 {Threatens to
win with ...e4.} 15. fxe5 (15. Qb3 $11 Rab8 16. Kd1) 15... Rf5 (15... Rac8 $15)
16. Be3 $2 {[#] This costs White the game.} (16. Qd4 $11 {and White is okay.}
Qc2+ 17. Bd2 Bxd2 18. Qxd2 Qe4+ 19. Qe3) 16... d4 $1 $36 {[%mdl 2048] Keeping
White busy.} 17. Bxd4 $2 {[#]} (17. Rc1 Ba6+ 18. Kf2 dxe3+ 19. Kg3 Rxf3+ 20.
gxf3) 17... Raf8 $1 {Black is clearly winning.} 18. Qb3 (18. Rc1 $142 Rxf3 19.
gxf3 (19. Rxc7 {gets mated.} Ba6+ 20. Rc4 Bxc4+ 21. Qd3 Bxd3+ 22. Kd1 Rxf1+ {
[%mdl 64] Back Rank} 23. Rxf1 Rxf1#) 19... Bxf3+ {[%mdl 64] Double Attack} 20.
Kd3) 18... Rxf3 19. gxf3 Bxf3+ {[%mdl 64] Double Attack} 20. Kd3 Qb7 {( -> ...
Be4+)} 21. Kc2 Bxh1 22. a3 Qe4+ 23. Bd3 Rc8+ (23... Qxd4 $2 24. Rxh1 Ba5 25.
Kb1 $19) 24. Kb1 Qxd4 25. axb4 Qxe5 {Weighted Error Value: White=0.72/Black=0.
53} 0-1

[Event "FTX Crypto Cup Prelims 2021"]
[Site "Chess24"]
[Date "2021.05.18"]
[Round "15.2"]
[White "Giri, Anish"]
[Black "Vachier-Lagrave, Maxime"]
[Result "1/2-1/2"]
[WhiteElo "2731"]
[BlackElo "2860"]
[Annotator "TA"]
[PlyCount "49"]
[EventDate "2021.05.23"]
[EventType "tourn"]
[EventCountry "NET"]
[Tiebreak "Koya+Number of black wins+Number of wins"]
[SourceTitle "playchess.com"]
[Source "ChessBase"]
[SourceQuality "1"]

{[%evp 23,49,0,29,27,33,25,38,0,0,0,0,0,0,0,0,0,0,0,0,-38,0,0,0,0,0,0,0,0]} 1.
d4 Nf6 2. c4 g6 3. Nc3 d5 4. cxd5 Nxd5 5. e4 Nxc3 6. bxc3 Bg7 7. Nf3 c5 8. Rb1
O-O 9. Be2 cxd4 10. cxd4 Qa5+ 11. Bd2 Qxa2 12. O-O Bg4 13. Rxb7 {D85: Exchange
Grünfeld: Unusual White 7th moves and lines with 7 Nf3.} Bxf3 14. Bxf3 {
[#] Black must now prevent e5.} Bxd4 15. e5 {White is slightly better.} Na6 {
[%cal Bb8a6,Ba6c5,Bc5d3,Bd3e1][%mdl 32]} 16. Rxe7 Rad8 17. e6 fxe6 18. Qe1 {[#]
} Nc5 $146 ({Predecessor:} 18... Bf6 19. Rxa7 Rxd2 20. Rxa6 Qxa6 21. Qxd2 Qb6
22. g3 Bd4 23. Kg2 Rxf3 24. Kxf3 Qb7+ 25. Ke2 Qe4+ 26. Kd1 Qb1+ 27. Ke2 Qe4+
28. Kd1 Qb1+ 29. Ke2 Qe4+ {1/2-1/2 (29) So,W (2770)-Vachier Lagrave,M (2784)
chess24.com INT 2020}) 19. Be3 {[#] Strongly threatening Bxd4.} Nd3 20. Bxd4
Nxe1 21. Rg7+ Kh8 22. Rd7+ {The position is equal.} Kg8 ({But not} 22... e5 $2
23. Bxe5+ Rf6 24. Bxf6+ Kg8 25. Rxd8+ $18) 23. Rg7+ Kh8 24. Rd7+ Kg8 ({Wrong is
} 24... e5 $2 25. Bxe5+ Rf6 26. Bxf6+ Kg8 27. Rxd8+ $18) 25. Rg7+ {Weighted
Error Value: White=0.04/Black=0.02} 1/2-1/2